000 003610000a22001450004500
003 MACL
040 _aMACL
090 _c5000
_d4999
100 _aJayaswal, P.K.
245 _aIndian Academic Libraries
_bCost Management and Utilisation
260 _bKalinga Publications
_c1989
350 _a180
650 _aLibrary And Information Science
942 _cBOOK
_k020
999 _c4962
_d4962